• 首页
  • 本馆介绍
  • 公告通知
  • 最新文献
  • 馆藏检索
  • 电子资源
  • 读者导购
  • 参考咨询
  • 我的图书馆
  • 登录
  • 详细信息显示
  • 放入我的书架
  • 预约/预借图书
  • 作者相关作品
  • 分类相关作品
  • 丛书相关作品
  • 出版社相关作品

书目信息

  • 表格格式
  • 工作单格式
  • 卡片格式
题名:
谁最早口述长征
    
 
作者: 陈宇 编著
分册:  
出版信息: 北京   解放军出版社  2006
页数: 516页
开本: 24cm
丛书名:
单 册:
中图分类: K264.406
科图分类:
主题词: 报告文学--文学研究--中国--现代 , 二万五千里长征--研究 , 中国--历史
电子资源:
ISBN: 7-5065-5083-0
000 00986nam0 2200253 450
001 012006010268
005 20061116084545.89
010    @a7-5065-5083-0@dCNY39.00
100    @a20060310d2006 em y0chiy0110 ea
101 0  @achi
102    @aCN@b110000
105    @aab z 000zd
200 1  @a谁最早口述长征@9shui zui zao kou shu chang zheng@e20世纪30年代红军长征史珍本解读@f陈宇编著
210    @a北京@c解放军出版社@d2006
215    @a516页@c图,照片,地图@d24cm
330    @a本书重点解读了20世纪30年代撰写和发表的记述红军长征的8篇著作,这些著作真实、系统、全面地记叙了红军长征的艰难历程,生动描写了红军将士大无畏的革命精神。并配有插图270幅。
517 1  @a20世纪30年代红军长征史珍本解读@920 shi ji 30 nian dai hong jun chang zheng shi zhen ben jie du
606 0  @a报告文学@x文学研究@y中国@z现代
606 0  @a二万五千里长征@x研究
606 0  @a中国@x历史
690    @aK264.406@v4
701  0 @a陈宇@9chen yu@4编著
801  0 @aCN@bRENTIAN@c20061116
905    @a10447@dK264.406@e44
    
    谁最早口述长征:20世纪30年代红军长征史珍本解读/陈宇编著.-北京:解放军出版社,2006
    516页:图,照片,地图;24cm
    
    
    ISBN 7-5065-5083-0:CNY39.00
    本书重点解读了20世纪30年代撰写和发表的记述红军长征的8篇著作,这些著作真实、系统、全面地记叙了红军长征的艰难历程,生动描写了红军将士大无畏的革命精神。并配有插图270幅。
●
相关链接 在E读中查询图书 在五车中查询图书 在当当中查询图书 在豆瓣中查询图书


正题名:谁最早口述长征     索取号:K264.406/44         预约/预借

序号 登录号 条形码 馆藏地/架位号 状态 备注
1 0391104   203911044   第二样本阅览室/ [索取号:K264.406/44] 在馆    
2 0391105   203911053   第二借阅区/ [索取号:K264.406/44] 在馆    
3 0391106   203911062   第二借阅区/ [索取号:K264.406/44] 在馆    
4 0391107   203911071   第二借阅区/ [索取号:K264.406/44] 在馆    
5 0391108   203911080   第二借阅区/ [索取号:K264.406/44] 在馆    
唐山师范学院图书馆 欢迎您!
大连网信软件有限公司© 版权所有